A. WESLEY POWELL LEARNING RESOURCE CENTRE (WPLRC)

Wonderful Place to Learn, Research & Collaborate

The Pioneers of Development Economics (Record no. 15204)

MARC details
000 -LEADER
fixed length control field nam a22 4500
001 - ACCESSION NUMBER
control field 38313
003 - CONTROL NUMBER IDENTIFIER
control field 00
005 - DATE AND TIME OF LATEST TRANSACTION
control field 20210719151727.0
008 - FIXED-LENGTH DATA ELEMENTS--GENERAL INFORMATION
fixed length control field 00
020 ## - INTERNATIONAL STANDARD BOOK NUMBER
International Standard Book Number 184- 277-645-2
040 ## - CATALOGING SOURCE
Original cataloging agency 00
Transcribing agency 00
082 ## - DEWEY DECIMAL CLASSIFICATION NUMBER
Classification number 338.9209/PIO
245 ## - TITLE STATEMENT
Title The Pioneers of Development Economics
Remainder of title Great Economists on Development
Statement of responsibility, etc. The Pioneers of Development Economics
260 ## - PUBLICATION, DISTRIBUTION, ETC. (IMPRINT)
Place of publication, distribution, etc. New York
Name of publisher, distributor, etc. Jomo K.S
Date of publication, distribution, etc. 2005
300 ## - PHYSICAL DESCRIPTION
Extent 24.1 cm
942 ## - ADDED ENTRY ELEMENTS (KOHA)
Source of classification or shelving scheme Dewey Decimal Classification
Koha item type Circ Books
Classification part 338.9209/PIO
Item part 38313
Holdings
Withdrawn status Lost status Source of classification or shelving scheme Damaged status Not for loan Home library Current library Date acquired Total Checkouts Full call number Barcode Date last seen Price effective from Koha item type
    Dewey Decimal Classification     Wesley Powell Learning Resource Centre Wesley Powell Learning Resource Centre 01/18/2021   338.9209/PIO 38313 01/18/2021 01/18/2021 Circ Books